Placez les villes sur une carte des États-Unis - Statistiques

Statistiques générales
  • Ce quiz a été pris 74 fois
  • Le résultat moyen est 9 sur 24
Réponses sur la Carte
Les réponses sont colorées sur une échelle allant du rouge au vert en fonction du pourcentage des utilisateurs qui les ont devinées à leur premier essai. Vous pouvez retrouver ces pourcentages ci-dessous.
 
Statistiques - réponses
Réponse % Correct
Miami
55%
Anchorage
49%
Nouvelle-Orléans
49%
San Francisco
49%
Chicago
47%
Atlanta
45%
Honolulu
45%
Seattle
45%
Boston
43%
Washington D.C.
43%
Detroit
41%
Indianapolis
41%
Los Angeles
39%
New York
39%
Philadelphie
39%
Houston
37%
Las Vegas
37%
Phoenix
37%
Denver
33%
Cleveland
31%
Dallas
29%
Minneapolis
27%
Salt Lake City
25%
Memphis
20%
Aucun quiz correspondant
Distribution des résultats
% des personnes avec chaque résultat
Percentile par nombre de réponses
Votre historique - résultats
Vous n’avez pas pris ce quiz